000 00933nam a2200301 a 4500
001 000114870
003 CHAP
005 20220329144502.0
008 180724s2006 mx a |r| |||||||spa d
010 _a111331
011 _a112303
020 _a9688006777
040 _cCHAP
090 _aFolleto 5295
245 0 0 _aManual gráfico para la descripción variental de cempasúchil (Tagetes L.) /
_cCordinador Miguel Ángel Serrato Cruz.
260 _aMéxico :
_bUACH,
_c2006.
300 _a72p. :
_bil.
590 _aE11695DGD
_b10
_c20180725
_lUCH01
_h1454
590 _aE6339RRR
_b05
_c20180724
_lUCH01
_h1045
650 1 4 _aCempazúchil
_xCrecimiento.
_9131899
650 1 4 _aCempazúchil
_xFisiología y morfología.
_9131900
650 1 4 _aCempazúchil
_xGenética.
_9135273
650 1 4 _aCempazúchil
_xVariedades.
_9135272
700 0 _aSerrato Cruz, Miguel Angel.
_9105270
901 _aBK
942 _cFOLL
942 _n0
999 _c111331
_d111331